| 000 | 00496nam a2200169 a 4500 | ||
|---|---|---|---|
| 001 | 000040748 | ||
| 005 | 20201002034342.0 | ||
| 008 | 130905s2008 sp 000 0 spa d | ||
| 020 | _a9788484327462 | ||
| 040 |
_aDO-SdBNP _bspa _cBNPHU |
||
| 100 | 1 |
_aLynch, John _965630 |
|
| 245 | 1 | 0 |
_aSimón Bolívar / _ctraducción de Alejandra Chaparro. |
| 260 |
_aBarcelona : _bCrítica, _c2008. |
||
| 300 |
_a478 : _bil., mapas ; _c24 cm. |
||
| 500 | _aIncluye índice | ||
| 700 | 1 |
_aChaparro, Alejandra _967156 |
|
| 999 |
_c40238 _d40238 |
||